Eloge de la fuite / (Record no. 5445)

MARC details
000 -LEADER
campo de control de longitud fija 00624nam a2200229 i 4500
001 - NÚMERO DE CONTROL
campo de control 5445
003 - IDENTIFICADOR DE NÚMERO DE CONTROL
campo de control ES-MaACL
005 - FECHA Y HORA DE LA ÚLTIMA TRANSACCIÓN
campo de control 20250808010957.0
008 - DATOS DE LONGITUD FIJA--INFORMACIÓN GENERAL
campo de control de longitud fija 880616s1987 fr |||| | fre d
020 ## - NÚMERO INTERNACIONAL ESTÁNDAR DEL LIBRO
Número Internacional Estándar del Libro 2-07-032283-1
080 ## - NÚMERO DE LA CLASIFICACIÓN DECIMAL UNIVERSAL
Número de la Clasificación Decimal Universal 301:159.94
080 ## - NÚMERO DE LA CLASIFICACIÓN DECIMAL UNIVERSAL
Número de la Clasificación Decimal Universal 159.94:301
100 1# - ENTRADA PRINCIPAL--NOMBRE DE PERSONA
Nombre de persona Laborit, Henri.
9 (RLIN) 69259
245 10 - MENCIÓN DEL TÍTULO
Título Eloge de la fuite /
Mención de responsabilidad, etc. Henri Laborit.
260 ## - PUBLICACIÓN, DISTRIBUCIÓN, ETC.
Lugar de publicación, distribución, etc. [Paris] :
Nombre del editor, distribuidor, etc. Gallimard,
Fecha de publicación, distribución, etc. [1987]
300 ## - DESCRIPCIÓN FÍSICA
Extensión 186 p. ;
Dimensiones 18 cm.
490 1# - MENCIÓN DE SERIE
Mención de serie Folio. Essais ;
Designación de volumen o secuencia 7
650 #7 - PUNTO DE ACCESO ADICIONAL DE MATERIA--TÉRMINO DE MATERIA
Término de materia o nombre geográfico como elemento de entrada Vida
Fuente del encabezamiento o término embne
9 (RLIN) 17793
830 0# - PUNTO DE ACCESO ADICIONAL DE SERIE-TÍTULO UNIFORME
Título uniforme Folio. Essais ;
Designación de volumen o secuencia 7
9 (RLIN) 177997
852 ## - LOCALIZACIÓN
Ubicación ES-MaACL
Número de control de estantería L-12046
Holdings
Estatus retirado Estado de pérdida Estado de daño No para préstamo Biblioteca de origen Biblioteca actual Ubicación en estantería Fecha de adquisición Fuente de adquisición Total de préstamos Signatura topográfica completa Código de barras Visto por última vez Precio de reemplazo Tipo de ítem Koha
        Biblioteca del Ateneo de Madrid Biblioteca del Ateneo de Madrid Depósito 2 17/01/2008     L-12046 1005512 23/02/2023 23/02/2023 Libro impreso